| 000 | 00715nam a2200217 i 4500 | ||
|---|---|---|---|
| 001 | 48466 | ||
| 003 | ES-MaACL | ||
| 005 | 20230906161745.0 | ||
| 007 | t| | ||
| 008 | 941129s1899 fr ||||1| fre d | ||
| 040 |
_aCARM _bspa |
||
| 100 | 1 |
_aDejust, J. _943265 |
|
| 245 | 1 | 0 |
_aMachines a vapeur et machines thermiques diverses / _cpar J. Dejust. |
| 260 |
_aParis : _bVve. Ch. Dunod, _c1899 ( _eTours : _fImprimerie Deslis Frères) |
||
| 300 |
_aVIII, 600, 16 p. : _bil. ; _c18 cm. |
||
| 490 | 1 | _aBibliothèque du conducteur de travaux publics | |
| 650 | 4 |
_aMáquinas de vapor. _9136563 |
|
| 830 | 0 |
_aBibliothèque du conducteur de travaux publics _9180955 |
|
| 852 |
_aES-MaACL _jF-2057 |
||
| 999 |
_c48466 _d48466 |
||